1893 1432 1517 1717 1124 1701 1272 1984 1653 1151 1888 1890 1308 1286 1390 1783 1500 1337 1452 1350 1499 1647 1087 1155 1789 1738 1621 1741 1800 1123 1265 1473 1121 1783 1864 1149 1183 1132 1427 1011 1594 1893 1375 1143 1661 1365 1173 1691 1648 1868 1606 1874 1813 1060 1294 1457 1820 1102 1983 1370 1513 1569 1574 1982 1735 1734 1866 1130 1614 1920 1262 1796 1726 1277 1142 1352 1383 1341 1182 1179 1171 1257 1520 1717 1579 1041 1012 1923 1735 1448 1848 1533 1722 1188 1197 1821 1281 1406 1466 BCNSPRNW ULIB Ver.6.0+V

เปลี่ยนเป็นภาษาไทย

Change to English
 แสดงรายละเอียดบรรณานุกรม
  กลับหน้าหลัก

Brief Record : Get Marc (ISO 2709) : E-mail record : QR code < ปิดหน้าต่าง
LEADER : 00000nam 2200000uu 4500
001    13399124628
003     ULIB
008    151030s2554||||th 000 0 tha d
050  0 BQ4190^cว494ธ
100 0  วาณี โพธิ์นคร,ผู้เรียบเรียง
245 00 ธรรมะในชีวิตประจำวัน ของฝากจากแดนไกล อ.นพ.โสภณ นาคไพรัชช์^bโดยวาณี โพธิ์นคร,ผู้เรียบเรียง
260    นครสวรรค์:^bวิทยาลัยพยาบาลบรมราชชนนี สวรรค์ประชารักษ์ นครสวรรค์,^c2554.
300    51 หน้า
650  0 ธรรมะในชีวิตประจำวัน
945    ^p0^l0^i000162
999    ^aเกษร โพธิ์สุวรรณ
รายการนี้ยังไม่มีแท็ก
คุณยังไม่ได้ล็อกอิน คุณสามารถมีกิจกรรมร่วมกับเว็บไซต์ได้ แต่ต้องล็อกอินก่อน ::
  ล็อกอิน

รายการสื่อสารสนเทศ

ลำดับที่ ประเภท เลขเรียก/บาร์โค้ด สถานที่ สถานะ
1. การศึกษาทั่วไป
หนังสือสำรอง
สถานะ=หนังสือสำรอง
BQ4190 ว494ธ ฉ.1 
  Barcode: 000162
ห้องสมุดวิทยาเขตสวรรค์ประชารักษ์
►หนังสือทั่วไป
บนชั้น

รายการใกล้เคียง
    หัวเรื่อง [ธรรมะในชีวิตประจำวัน]

BibComment


ยังไม่เคยถูกคอมเมนท์

คอมเมนท์ทรัพยากรรายการนี้
  คอมเมนท์: ธรรมะในชีวิตประจำ..


 Copyright 2026. Bcnsprnw @Library